Machine tool operation:part 1 (Record no. 67117)

000 -LEADER
fixed length control field 00433nam a22001697a 4500
003 - CONTROL NUMBER IDENTIFIER
control field NUST - PNEC
005 - DATE AND TIME OF LATEST TRANSACTION
control field 20170116181011.0
008 - FIXED-LENGTH DATA ELEMENTS--GENERAL INFORMATION
fixed length control field 150913b xxu||||| |||| 00| 0 eng d
020 ## - INTERNATIONAL STANDARD BOOK NUMBER
International Standard Book Number -
040 ## - CATALOGING SOURCE
Transcribing agency LIBRARY
082 ## - DEWEY DECIMAL CLASSIFICATION NUMBER
Classification number 621.75 BUR
100 ## - MAIN ENTRY--PERSONAL NAME
9 (RLIN) 10222
Personal name Burghardt, Henry D
245 ## - TITLE STATEMENT
Title Machine tool operation:part 1
Statement of responsibility, etc. Henry D. Burghardt
260 ## - PUBLICATION, DISTRIBUTION, ETC.
Date of publication, distribution, etc. c.1962
650 ## - SUBJECT ADDED ENTRY--TOPICAL TERM
9 (RLIN) 10225
Topical term or geographic name entry element Machine-shop practice
General subdivision ME
942 ## - ADDED ENTRY ELEMENTS (KOHA)
Source of classification or shelving scheme
Koha item type Book
Holdings
Withdrawn status Lost status Source of classification or shelving scheme Damaged status Not for loan Permanent Location Current Location Shelving location Date acquired Total Checkouts Full call number Barcode Date last seen Price effective from Koha item type
          Pakistan Navy Engineering College (PNEC) Pakistan Navy Engineering College (PNEC)       621.75 BUR PNECLIB-004844 09/13/2015   Book
          Pakistan Navy Engineering College (PNEC) Pakistan Navy Engineering College (PNEC)       621.75 BUR PNECLIB-004361 09/30/2015   Book
          Pakistan Navy Engineering College (PNEC) Pakistan Navy Engineering College (PNEC)       621.75 BUR PNECLIB-012315 10/03/2015   Book
          Pakistan Navy Engineering College (PNEC) Pakistan Navy Engineering College (PNEC)       621.75 BUR PNECLIB-004368 10/03/2015   Book
          Pakistan Navy Engineering College (PNEC) Pakistan Navy Engineering College (PNEC)       621.75 BUR PNECLIB-004369 10/03/2015   Book
          Pakistan Navy Engineering College (PNEC) Pakistan Navy Engineering College (PNEC)       621.75 BUR PNECLIB-004363 10/04/2015   Book
          Pakistan Navy Engineering College (PNEC) Pakistan Navy Engineering College (PNEC)       621.75 BUR PNECLIB-010599 10/05/2015   Book
          Pakistan Navy Engineering College (PNEC) Pakistan Navy Engineering College (PNEC)       621.75 BUR PNECLIB-001033 10/05/2015   Book
          Pakistan Navy Engineering College (PNEC) Pakistan Navy Engineering College (PNEC)       621.75 BUR PNECLIB-004371 10/05/2015   Book
          Pakistan Navy Engineering College (PNEC) Pakistan Navy Engineering College (PNEC)       621.75 BUR PNECLIB-006520 10/27/2015   Book
© 2023 Central Library, National University of Sciences and Technology. All Rights Reserved.